[Event "Oebro Nytaar 2019"]
[Site "Copenhagen"]
[Date "2019.12.28"]
[Round "3"]
[White "Olsen, Peter Erik"]
[Black "Haubro, Sigfred"]
[Result "1/2-1/2"]
[WhiteElo "2241"]
[BlackElo "2098"]
[PlyCount "23"]
[EventDate "2019.12.27"]
[EventType "swiss"]
[EventRounds "7"]
[EventCountry "DEN"]

1. e4 d5 2. exd5 Qxd5 3. Nc3 Qa5 4. Bc4 Nf6 5. d3 c6 6. Qe2 Bf5 7. Bd2 Qc7 8.
h3 e6 9. g4 Bg6 10. f4 Be7 11. O-O-O b5 12. Bb3 1/2-1/2

[Event "Oebro Nytaar 2019"]
[Site "Copenhagen"]
[Date "2019.12.28"]
[Round "3"]
[White "Brondt, Nicolai Kvist"]
[Black "Moe, Mogens"]
[Result "1-0"]
[WhiteElo "2244"]
[BlackElo "2142"]
[PlyCount "71"]
[EventDate "2019.12.27"]
[EventType "swiss"]
[EventRounds "7"]
[EventCountry "DEN"]

1. d4 Nf6 2. Nf3 g6 3. c4 Bg7 4. g3 O-O 5. Bg2 d5 6. cxd5 Nxd5 7. O-O c5 8. e4
Nf6 9. e5 Nfd7 10. e6 fxe6 11. Nc3 cxd4 12. Nxd4 Nc5 13. Be3 Nba6 14. Nb3 Qd6
15. Nxc5 Nxc5 16. Qxd6 exd6 17. Rfd1 Bxc3 18. bxc3 Na4 19. Rxd6 Nxc3 20. a4 Nd5
21. Bd4 Ne7 22. Be5 a5 23. Rc1 Nc6 24. Bf4 Ra6 25. Bf1 Ra8 26. Bb5 Kf7 27. Bg5
Kg7 28. h4 e5 29. h5 Rf5 30. h6+ Kf7 31. Rcxc6 bxc6 32. Bc4+ Be6 33. Bxe6+ Ke8
34. Bxf5 gxf5 35. Re6+ Kd7 36. Rxe5 1-0

[Event "Oebro Nytaar 2019"]
[Site "Copenhagen"]
[Date "2019.12.28"]
[Round "3"]
[White "Porte, Henrik"]
[Black "Matthiesen, Martin"]
[Result "0-1"]
[WhiteElo "2164"]
[BlackElo "2249"]
[PlyCount "42"]
[EventDate "2019.12.27"]
[EventType "swiss"]
[EventRounds "7"]
[EventCountry "DEN"]

1. d4 Nf6 2. c4 e6 3. Nc3 Bb4 4. Qc2 Nc6 5. Nf3 d6 6. e3 O-O 7. a3 Bxc3+ 8.
Qxc3 Qe7 9. b4 e5 10. dxe5 Nxe5 11. Be2 Bg4 12. Bb2 Rfe8 13. Rd1 a5 14. b5 Bh5
15. Nd4 Ne4 16. Qc1 Qh4 17. O-O Bxe2 18. Nxe2 Nf3+ 19. gxf3 Re6 20. fxe4 Rh6
21. Rfe1 Qxh2+ 0-1

[Event "Oebro Nytaar 2019"]
[Site "Copenhagen"]
[Date "2019.12.28"]
[Round "3"]
[White "Stojanovski, Sandi"]
[Black "Hector, Jonny"]
[Result "1-0"]
[WhiteElo "2193"]
[BlackElo "2475"]
[PlyCount "71"]
[EventDate "2019.12.27"]
[EventType "swiss"]
[EventRounds "7"]
[EventCountry "DEN"]

1. c4 e5 2. g3 c6 3. Nf3 e4 4. Nd4 d5 5. cxd5 Nf6 6. Nc3 Bc5 7. Nb3 Bb6 8. Bg2
cxd5 9. d3 e3 10. Bxe3 Bxe3 11. fxe3 Nc6 12. Qd2 O-O 13. O-O Re8 14. Rxf6 Qxf6
15. Nxd5 Qd6 16. e4 Be6 17. Rf1 a5 18. d4 Bxd5 19. exd5 Nb4 20. e4 Rac8 21. Nc5
b6 22. e5 Qg6 23. Be4 Qh5 24. Nb7 Rc7 25. Nd6 Rd8 26. a3 Na6 27. Nb5 Rcd7 28.
d6 Rf8 29. Nc3 f6 30. Qf4 Qh6 31. Bd5+ Kh8 32. Qxh6 gxh6 33. Nb5 Nb8 34. e6 Rg7
35. e7 Rc8 36. Nc7 1-0

[Event "Oebro Nytaar 2019"]
[Site "Copenhagen"]
[Date "2019.12.28"]
[Round "3"]
[White "Vasli, Aref"]
[Black "Johansson, Thomas"]
[Result "1-0"]
[WhiteElo "2413"]
[BlackElo "2241"]
[PlyCount "69"]
[EventDate "2019.12.27"]
[EventType "swiss"]
[EventRounds "7"]
[EventCountry "DEN"]

1. e4 e5 2. Nf3 Nf6 3. Nxe5 d6 4. Nf3 Nxe4 5. c4 Be7 6. Nc3 Nxc3 7. dxc3 O-O 8.
Be3 Nd7 9. Qc2 Ne5 10. Nxe5 dxe5 11. Rd1 Qe8 12. Qe4 Qa4 13. Bd3 g6 14. Qxe5
Re8 15. O-O Bd6 16. Qg5 Bd7 17. Bd4 Re6 18. b3 Qc6 19. b4 b6 20. b5 Qb7 21. Bf5
Be7 22. Qg4 h5 23. Qg3 h4 24. Qg4 Kf8 25. Bxe6 Bxe6 26. Qf4 h3 27. gxh3 Ke8 28.
Rfe1 g5 29. Qe5 Qf3 30. Qe4 Qxe4 31. Rxe4 Bxc4 32. Bxb6 axb6 33. Rxc4 Bc5 34.
a4 Ke7 35. Rd5 1-0

[Event "Oebro Nytaar 2019"]
[Site "Copenhagen"]
[Date "2019.12.29"]
[Round "4"]
[White "Andersen, Rune"]
[Black "Jacobsen, Mikkel Manosri"]
[Result "0-1"]
[WhiteElo "2121"]
[BlackElo "2348"]
[PlyCount "64"]
[EventDate "2019.12.27"]
[EventType "swiss"]
[EventRounds "7"]
[EventCountry "DEN"]

1. d4 Nf6 2. c4 e6 3. Nf3 d5 4. Nc3 Be7 5. Bf4 O-O 6. e3 b6 7. cxd5 Nxd5 8.
Nxd5 Qxd5 9. Bd3 Qa5+ 10. Kf1 Ba6 11. Kg1 Bxd3 12. Qxd3 Na6 13. h4 c5 14. Ng5
g6 15. Nxh7 Kxh7 16. h5 Kg7 17. Be5+ Bf6 18. h6+ Kh7 19. Bxf6 Nb4 20. Qe2 Rac8
21. Bg7 Rfd8 22. Qf3 Rd7 23. Be5 f5 24. Rd1 c4 25. Rh3 Nd3 26. Bg7 Nxb2 27. Rc1
Qd2 28. Rf1 c3 29. d5 Qxd5 30. Qf4 Nd3 31. Qg5 e5 32. Rg3 Qf7 0-1

[Event "Oebro Nytaar 2019"]
[Site "Copenhagen"]
[Date "2019.12.29"]
[Round "4"]
[White "Haubro, Martin"]
[Black "Vasli, Aref"]
[Result "1-0"]
[WhiteElo "2349"]
[BlackElo "2413"]
[PlyCount "113"]
[EventDate "2019.12.27"]
[EventType "swiss"]
[EventRounds "7"]
[EventCountry "DEN"]

1. e4 e5 2. Nf3 Nc6 3. Bb5 a6 4. Ba4 Nf6 5. O-O Be7 6. Re1 b5 7. Bb3 d6 8. c3
O-O 9. h3 Bb7 10. d4 Re8 11. Nbd2 exd4 12. cxd4 Nd7 13. Nf1 Na5 14. Bc2 Bf6 15.
Ng3 g6 16. Rb1 c5 17. d5 Nc4 18. b3 Nce5 19. Nh2 Nb6 20. Rf1 b4 21. f4 Ned7 22.
Qf3 Bg7 23. Ng4 Qc7 24. Bd3 a5 25. Bb2 c4 26. Bxg7 Kxg7 27. bxc4 Nxc4 28. Bxc4
Qxc4 29. f5 Qd4+ 30. Kh1 Kh8 31. Qf4 Ba6 32. Rfd1 Qb6 33. Rbc1 Bb5 34. Kh2 Rad8
35. Qh6 Rg8 36. Rd2 f6 37. Qh4 Rdf8 38. fxg6 Rxg6 39. Rdc2 Nc5 40. Rf2 Qd8 41.
Rf5 Bd7 42. Rh5 Rg7 43. Nh6 Be8 44. Rf5 Rxg3 45. Qxg3 Bg6 46. Rf4 a4 47. Ng4 b3
48. axb3 axb3 49. Qc3 Qe7 50. Rcf1 Nxe4 51. Qd4 Kg7 52. Re1 h5 53. Rfxe4 Bxe4
54. Rxe4 Qb7 55. Qe3 hxg4 56. Rxg4+ Kh7 57. Qg3 1-0

[Event "Oebro Nytaar 2019"]
[Site "Copenhagen"]
[Date "2019.12.29"]
[Round "4"]
[White "Haubro, Sigfred"]
[Black "Nielsen, Viktor Haarmark"]
[Result "0-1"]
[WhiteElo "2098"]
[BlackElo "2291"]
[PlyCount "112"]
[EventDate "2019.12.27"]
[EventType "swiss"]
[EventRounds "7"]
[EventCountry "DEN"]

1. Nf3 c5 2. c4 Nf6 3. Nc3 b6 4. e3 Bb7 5. Be2 e6 6. O-O Be7 7. d4 cxd4 8. Nxd4
O-O 9. Bf3 d5 10. cxd5 Nxd5 11. Bd2 Bf6 12. Nxd5 Bxd5 13. Bc3 Na6 14. e4 Bb7
15. e5 Bxf3 16. Qxf3 Be7 17. Rae1 Qd7 18. Re4 Qd5 19. Qe2 Nc5 20. Rg4 Rfd8 21.
h4 Bf8 22. Qe3 Kh8 23. Nf3 Qd3 24. Qf4 Kg8 25. Ng5 Qf5 26. Qg3 Rd3 27. f3 h6
28. Nh3 Ne4 29. Qe1 Nxc3 30. bxc3 Bc5+ 31. Kh2 Re3 32. Qd1 Qxe5+ 33. f4 Qxc3
34. Qd7 Rd3 35. Qb7 Rad8 36. Nf2 Bxf2 37. Rxf2 Qe1 38. Rf3 R3d7 39. Qc6 h5 40.
Rgg3 Rd1 41. Rh3 Qg1+ 42. Kg3 R1d2 43. Rh2 Qb1 44. f5 exf5 45. Rh3 Qe4 46. Qxe4
fxe4 47. Ra3 R2d3+ 48. Kf4 Rxh3 49. gxh3 Re8 50. Ke3 Re7 51. Rc3 g6 52. a4 Kg7
53. Rc6 f5 54. Rc2 Kf6 55. Rb2 Rd7 56. Rb3 Rd3+ 0-1

[Event "Oebro Nytaar 2019"]
[Site "Copenhagen"]
[Date "2019.12.29"]
[Round "4"]
[White "Hector, Jonny"]
[Black "Lilja, Richard"]
[Result "1-0"]
[WhiteElo "2475"]
[BlackElo "2119"]
[PlyCount "101"]
[EventDate "2019.12.27"]
[EventType "swiss"]
[EventRounds "7"]
[EventCountry "DEN"]

1. e4 c5 2. Nf3 g6 3. d4 cxd4 4. Nxd4 Nc6 5. Nc3 Bg7 6. Be3 Nf6 7. Bc4 Qa5 8.
O-O O-O 9. Nd5 Nxd5 10. exd5 Nxd4 11. Bxd4 e5 12. Bc3 Qc5 13. Bb3 d6 14. Qd2 a5
15. a4 b6 16. Ba2 Bf5 17. Kh1 Rac8 18. Rfe1 Rfe8 19. Re2 h5 20. Rae1 Kh7 21.
Qg5 Bh6 22. Qh4 Rf8 23. f3 f6 24. Rd1 Kg7 25. Bb3 Bf4 26. Bd4 Qb4 27. Bg1 b5
28. Qe1 Qxe1 29. Rdxe1 bxa4 30. Bxa4 Rb8 31. b3 Rfc8 32. Bc6 a4 33. bxa4 Rb2
34. Ra1 Bd3 35. cxd3 Rxe2 36. a5 Rb8 37. a6 Rbb2 38. a7 Rxg2 39. a8=Q Bxh2 40.
Rb1 Rbc2 41. Be3 Bf4 42. Bxf4 exf4 43. Qa7+ Kh6 44. Qd4 Rh2+ 45. Kg1 Kg5 46.
Ba4 Rcg2+ 47. Kf1 h4 48. Rb4 Ra2 49. Qxf4+ Kh5 50. Qg4+ Kh6 51. Kg1 1-0

[Event "Oebro Nytaar 2019"]
[Site "Copenhagen"]
[Date "2019.12.29"]
[Round "4"]
[White "Johansson, Thomas"]
[Black "Ertbjerg, Andreas Lund"]
[Result "1-0"]
[WhiteElo "2241"]
[BlackElo "2037"]
[PlyCount "134"]
[EventDate "2019.12.27"]
[EventType "swiss"]
[EventRounds "7"]
[EventCountry "DEN"]

1. d4 Nf6 2. Nf3 d6 3. g3 g6 4. Bg2 Bg7 5. b3 c5 6. Bb2 cxd4 7. Nxd4 O-O 8. O-O
a6 9. c4 Qc7 10. Nc3 Nc6 11. Rc1 e6 12. Nc2 b6 13. Ne3 Qd7 14. Rc2 Bb7 15. Rd2
Rfd8 16. Na4 Qc7 17. Qa1 e5 18. Nd5 Nxd5 19. cxd5 Ne7 20. Rc1 Qb8 21. Nxb6 Ra7
22. Rdc2 a5 23. Rd1 Ba6 24. Na4 Rc8 25. Rdc1 Rac7 26. Rxc7 Rxc7 27. Rxc7 Qxc7
28. Qd1 Bh6 29. Nc3 f5 30. e3 Qc5 31. Qd2 Kf7 32. Na4 Qb5 33. Ba3 e4 34. Bxd6
Qxd5 35. Qxd5+ Nxd5 36. Nc5 Bb5 37. a4 Bc6 38. Bf1 Bg7 39. Bc4 Bc3 40. Na6 Kf6
41. Nb8 Bb7 42. Bc5 Kg5 43. Nd7 h5 44. h4+ Kh6 45. Bf8+ Kh7 46. Nc5 Bc6 47. Ne6
Bf6 48. Bd6 Nb6 49. Bb5 Bd5 50. Nc5 Nc8 51. Bc7 Bc3 52. Bc4 Bc6 53. Ne6 Ne7 54.
Nf4 Kg7 55. Bd8 Bb4 56. Ne6+ Kf6 57. Nd4 Bd7 58. Kf1 Bc3 59. Ke2 Bb4 60. Kd1
Be8 61. Ke2 Bd7 62. f3 exf3+ 63. Kxf3 Be8 64. Kf2 Bd7 65. Ne2 Bc6 66. Nf4 Kg7
67. Nd3 Bc3 1-0

[Event "Oebro Nytaar 2019"]
[Site "Copenhagen"]
[Date "2019.12.29"]
[Round "4"]
[White "Kristiansen, Jens"]
[Black "Stojanovski, Sandi"]
[Result "1/2-1/2"]
[WhiteElo "2408"]
[BlackElo "2193"]
[PlyCount "106"]
[EventDate "2019.12.27"]
[EventType "swiss"]
[EventRounds "7"]
[EventCountry "DEN"]

1. d4 Nf6 2. Nf3 d5 3. c4 e6 4. Nc3 Bb4 5. e3 O-O 6. Bd3 c5 7. O-O cxd4 8. exd4
dxc4 9. Bxc4 b6 10. Qe2 Bb7 11. Rd1 Qc7 12. Ne5 Bxc3 13. bxc3 Nbd7 14. Nxd7
Qxd7 15. Bd2 Ne4 16. Be1 Nd6 17. Bb3 Rac8 18. Rac1 Nf5 19. f3 b5 20. Bc2 Ne7
21. Qd3 Ng6 22. h4 Qd5 23. Qe3 Ne7 24. Qd3 Ng6 25. Bg3 Qh5 26. Kf2 Rfd8 27. a4
a6 28. axb5 axb5 29. Qe3 Ne7 30. Qg5 Qxg5 31. hxg5 Nd5 32. Be4 Rd7 33. Bxd5
Bxd5 34. Rb1 Rb7 35. Rdc1 f6 36. gxf6 gxf6 37. Bd6 Ra8 38. Rb2 Bc4 39. Rh1 Rd7
40. Bb4 Kg7 41. g4 Rda7 42. Ke3 Ra1 43. Rh5 R8a2 44. Rxa2 Rxa2 45. Rc5 Re2+ 46.
Kf4 Kg6 47. Rc7 e5+ 48. dxe5 fxe5+ 49. Kg3 Re3 50. Rc6+ Kf7 51. Rc7+ Kg6 52.
Rc6+ Kf7 53. Rc7+ Kg6 1/2-1/2

[Event "Oebro Nytaar 2019"]
[Site "Copenhagen"]
[Date "2019.12.29"]
[Round "4"]
[White "Matthiesen, Martin"]
[Black "Carstensen, Jacob"]
[Result "0-1"]
[WhiteElo "2249"]
[BlackElo "2358"]
[PlyCount "71"]
[EventDate "2019.12.27"]
[EventType "swiss"]
[EventRounds "7"]
[EventCountry "DEN"]

1. d4 d5 2. c4 e6 3. Nf3 Nf6 4. Nc3 Bb4 5. e3 O-O 6. Bd3 c5 7. O-O Nc6 8. cxd5
exd5 9. dxc5 Bxc5 10. b3 Bg4 11. Ne2 Bxf3 12. gxf3 Ne5 13. Ng3 Qb6 14. Bb2 Rfe8
15. f4 Neg4 16. Be2 Nxf2 17. Kxf2 Bxe3+ 18. Kg2 d4 19. Bc4 h5 20. Nxh5 Qc6+ 21.
Kh3 b5 22. Bxb5 Qxb5 23. Nxf6+ gxf6 24. Qg4+ Kf8 25. Ba3+ Re7 26. Qh4 Qf5+ 27.
Kg2 Qc2+ 28. Rf2 Qg6+ 29. Qg3 Bxf2 30. Kxf2 Qc2+ 31. Kf1 Rae8 32. Qf3 d3 33.
Re1 d2 34. Bxe7+ Rxe7 35. Rd1 Re3 36. Qd5 0-1

[Event "Oebro Nytaar 2019"]
[Site "Copenhagen"]
[Date "2019.12.29"]
[Round "4"]
[White "Ramsdal, Jens Albert"]
[Black "Petersen, Nils"]
[Result "1-0"]
[WhiteElo "2302"]
[BlackElo "1986"]
[PlyCount "55"]
[EventDate "2019.12.27"]
[EventType "swiss"]
[EventRounds "7"]
[EventCountry "DEN"]

1. e4 c5 2. a3 Nc6 3. b4 cxb4 4. axb4 Nxb4 5. c3 Nc6 6. d4 d5 7. exd5 Qxd5 8.
Na3 e6 9. Nf3 Bxa3 10. Bxa3 Nge7 11. Bd3 O-O 12. O-O Re8 13. Re1 Ng6 14. Re3
Qd8 15. Qc2 Qc7 16. Ng5 Qf4 17. Nxh7 Kxh7 18. Rh3+ Kg8 19. Bxg6 fxg6 20. Qxg6
Bd7 21. Qh7+ Kf7 22. Rf3 Qxf3 23. gxf3 Rh8 24. Qe4 Rh5 25. c4 Rah8 26. Qf4+ Ke8
27. d5 Nd8 28. Qd6 1-0

[Event "Oebro Nytaar 2019"]
[Site "Copenhagen"]
[Date "2019.12.29"]
[Round "4"]
[White "Thuesen, Mogens Henrik"]
[Black "Brondt, Nicolai Kvist"]
[Result "0-1"]
[WhiteElo "2204"]
[BlackElo "2244"]
[PlyCount "86"]
[EventDate "2019.12.27"]
[EventType "swiss"]
[EventRounds "7"]
[EventCountry "DEN"]

1. d4 Nf6 2. c4 e6 3. Nc3 Bb4 4. e3 O-O 5. Nge2 c6 6. a3 Ba5 7. b4 Bc7 8. Ng3
d5 9. cxd5 cxd5 10. Bd3 Nc6 11. f4 Ne8 12. Qh5 f5 13. Bd2 Bd7 14. Nge2 Nf6 15.
Qh4 Ne4 16. Qxd8 Nxd8 17. g4 g6 18. h4 Nf7 19. Bxe4 fxe4 20. Nc1 h5 21. gxh5
gxh5 22. Nb3 b6 23. O-O-O Kh7 24. Rdg1 Rg8 25. Be1 Rxg1 26. Rxg1 Rg8 27. Rxg8
Kxg8 28. a4 Nd6 29. b5 Nf5 30. Kd2 Bd8 31. Ne2 Kf7 32. Ng1 Nxh4 33. Bxh4 Bxh4
34. Ke2 Ke7 35. Kf1 Be8 36. Ne2 Bg6 37. Kg2 Bf5 38. Nbc1 Bg4 39. Ng1 Bd1 40.
Nge2 Bxa4 41. Nc3 Bc2 42. N1a2 Bb3 43. Nb4 Kd6 0-1

[Event "Oebro Nytaar 2019"]
[Site "Copenhagen"]
[Date "2019.12.29"]
[Round "4"]
[White "Vesterli, Michael E"]
[Black "Olsen, Aage Dalstrup"]
[Result "1-0"]
[WhiteElo "2217"]
[BlackElo "1997"]
[PlyCount "31"]
[EventDate "2019.12.27"]
[EventType "swiss"]
[EventRounds "7"]
[EventCountry "DEN"]

1. d4 Nf6 2. Nc3 d5 3. Bg5 h6 4. Bxf6 gxf6 5. e3 c6 6. Bd3 e5 7. Qh5 Bg7 8.
O-O-O e4 9. Be2 Be6 10. f3 f5 11. Nh3 Nd7 12. Nf4 Qe7 13. Rdf1 O-O-O 14. fxe4
fxe4 15. Nxe6 Nf6 16. Rxf6 1-0

[Event "Oebro Nytaar 2019"]
[Site "Copenhagen"]
[Date "2019.12.29"]
[Round "5"]
[White "Carstensen, Jacob"]
[Black "Haubro, Martin"]
[Result "1-0"]
[WhiteElo "2358"]
[BlackElo "2349"]
[PlyCount "61"]
[EventDate "2019.12.27"]
[EventType "swiss"]
[EventRounds "7"]
[EventCountry "DEN"]

1. d4 d5 2. c4 e6 3. Nc3 c6 4. e4 dxe4 5. Nxe4 Bb4+ 6. Bd2 Qxd4 7. Bxb4 Qxe4+
8. Ne2 Na6 9. f3 Qh4+ 10. g3 Qh5 11. Bc3 f6 12. b4 Qxf3 13. Rg1 Ne7 14. Bg2 Qh5
15. Qd6 Bd7 16. Nf4 Qf7 17. O-O-O Nf5 18. Qd3 O-O-O 19. g4 Ne7 20. b5 Nb8 21.
Bb4 e5 22. Nd5 Nxd5 23. cxd5 Bxg4 24. Rd2 Qc7 25. Be4 Be6 26. d6 Qb6 27. Rxg7
Bd7 28. Qa3 Qxb5 29. Bd3 Qd5 30. Qxa7 c5 31. Bb5 1-0

[Event "Oebro Nytaar 2019"]
[Site "Copenhagen"]
[Date "2019.12.29"]
[Round "5"]
[White "Gregor, Bjarke"]
[Black "Kovshoj, Sune"]
[Result "1-0"]
[WhiteElo "2080"]
[BlackElo "2195"]
[PlyCount "63"]
[EventDate "2019.12.27"]
[EventType "swiss"]
[EventRounds "7"]
[EventCountry "DEN"]

1. e4 c5 2. Nf3 d6 3. d4 cxd4 4. Nxd4 Nf6 5. Nc3 a6 6. Bg5 e6 7. f4 Nbd7 8. Qf3
Be7 9. O-O-O h6 10. Bh4 Qc7 11. g4 g5 12. Bf2 gxf4 13. Rg1 Ne5 14. Qxf4 Nexg4
15. Rxg4 e5 16. Qxf6 Bxf6 17. Nd5 Bxg4 18. Nxc7+ Kd7 19. Nxa8 Bg5+ 20. Kb1 exd4
21. Nb6+ Kc6 22. Rxd4 Kxb6 23. e5 Be6 24. exd6 Kc6 25. Bg2+ Kd7 26. Bxb7 Bf6
27. Rb4 a5 28. Rb5 Bd8 29. Bg3 h5 30. Be4 h4 31. Rb7+ Kc8 32. d7+ 1-0

[Event "Oebro Nytaar 2019"]
[Site "Copenhagen"]
[Date "2019.12.29"]
[Round "5"]
[White "Jacobsen, Mikkel Manosri"]
[Black "Johansson, Thomas"]
[Result "1-0"]
[WhiteElo "2348"]
[BlackElo "2241"]
[PlyCount "101"]
[EventDate "2019.12.27"]
[EventType "swiss"]
[EventRounds "7"]
[EventCountry "DEN"]

1. d4 d5 2. c4 e6 3. Nf3 Nf6 4. g3 Bb4+ 5. Bd2 Be7 6. Bg2 O-O 7. O-O c6 8. Na3
Nbd7 9. Rc1 Ne4 10. Be3 f5 11. Ne1 Qe8 12. f3 Nd6 13. Nd3 g5 14. Qd2 Qg6 15.
Bf2 Bf6 16. Rfe1 Qg7 17. Qb4 Nf7 18. cxd5 exd5 19. e4 a5 20. Qb3 dxe4 21. fxe4
fxe4 22. Rxe4 a4 23. Qb4 Bd8 24. Re2 Nf6 25. Ne5 Nh6 26. d5 Nxd5 27. Bxd5+ cxd5
28. Bc5 Re8 29. Bd4 Qe7 30. Ng4 Bxg4 31. Rxe7 Rxe7 32. Qd6 Nf7 33. Qxd5 Ra5 34.
Qg2 Rf5 35. Rf1 Rxf1+ 36. Qxf1 Re4 37. Nc2 Be2 38. Qf2 Bc4 39. Bc3 Bxa2 40. Qf5
Re6 41. Nb4 Bb6+ 42. Kh1 Bb3 43. Nd5 Bxd5+ 44. Qxd5 Re7 45. Qb5 Bd8 46. Qxa4 h6
47. Qd4 Re5 48. Kg2 h5 49. Qd1 Re6 50. Qxh5 Bb6 51. Qg4 1-0

[Event "Oebro Nytaar 2019"]
[Site "Copenhagen"]
[Date "2019.12.29"]
[Round "5"]
[White "Kragh, Niels Kristian"]
[Black "Ramsdal, Jens Albert"]
[Result "1/2-1/2"]
[WhiteElo "2063"]
[BlackElo "2302"]
[PlyCount "122"]
[EventDate "2019.12.27"]
[EventType "swiss"]
[EventRounds "7"]
[EventCountry "DEN"]

1. e4 c5 2. Nf3 Nc6 3. d4 cxd4 4. Nxd4 Nf6 5. Nc3 e5 6. Nde2 Bc5 7. Ng3 Qb6 8.
Qd2 d6 9. Bc4 Be6 10. Bb3 Qa6 11. Nd5 O-O-O 12. a3 Ng4 13. Ne3 Nxe3 14. fxe3
Bxb3 15. cxb3 Bb4 16. axb4 Qxa1 17. b5 Ne7 18. O-O f6 19. Qc2+ Kb8 20. Bd2 Qa2
21. Bb4 Rc8 22. Qd3 Qxb2 23. Rf2 Qc1+ 24. Rf1 Qb2 25. Rf2 Rc1+ 26. Nf1 Qb1 27.
Bxd6+ Kc8 28. Qe2 Kd7 29. Ba3 Rxf1+ 30. Rxf1 Qxe4 31. Rd1+ Ke6 32. Rd6+ Kf7 33.
Rd7 Qb1+ 34. Qf1 Qxb3 35. Rxe7+ Kg6 36. e4 Qxa3 37. Qf5+ Kh6 38. g4 Qc1+ 39.
Kg2 Qd2+ 40. Kg3 Qe3+ 41. Kg2 Qe2+ 42. Kg3 Qe3+ 43. Kg2 Qd2+ 44. Kg3 Qf4+ 45.
Qxf4+ exf4+ 46. Kxf4 Rb8 47. Kf5 a5 48. h4 a4 49. g5+ fxg5 50. hxg5+ Kh5 51.
Rxg7 Rf8+ 52. Ke6 a3 53. Rxb7 Ra8 54. Rxh7+ Kxg5 55. Rh1 Rb8 56. Ra1 Rb6+ 57.
Kd7 Rxb5 58. Rxa3 Kf4 59. Ra4 Re5 60. Kd6 Rxe4 61. Rxe4+ Kxe4 1/2-1/2

[Event "Oebro Nytaar 2019"]
[Site "Copenhagen"]
[Date "2019.12.29"]
[Round "5"]
[White "Nielsen, Viktor Haarmark"]
[Black "Hector, Jonny"]
[Result "0-1"]
[WhiteElo "2291"]
[BlackElo "2475"]
[PlyCount "60"]
[EventDate "2019.12.27"]
[EventType "swiss"]
[EventRounds "7"]
[EventCountry "DEN"]

1. e4 e5 2. Nf3 Nc6 3. Bb5 a6 4. Ba4 Nf6 5. d3 Bc5 6. O-O d6 7. c3 Ba7 8. Nbd2
O-O 9. Re1 Ng4 10. Re2 f5 11. h3 Nh6 12. d4 fxe4 13. Bxc6 exf3 14. Bd5+ Kh8 15.
Nxf3 c6 16. Bb3 Rxf3 17. gxf3 Bxh3 18. Qd2 exd4 19. Qg5 Qf8 20. Bf4 dxc3 21.
bxc3 d5 22. Bc2 Bf5 23. Bxf5 Nxf5 24. Rae1 Kg8 25. Bc7 Qf7 26. Bd8 h6 27. Re8+
Kh7 28. Qf4 Bb8 29. Qg4 Bd6 30. R1e6 Rxd8 0-1

[Event "Oebro Nytaar 2019"]
[Site "Copenhagen"]
[Date "2019.12.29"]
[Round "5"]
[White "Olsen, Peter Erik"]
[Black "Nimander, Max"]
[Result "1-0"]
[WhiteElo "2241"]
[BlackElo "1824"]
[PlyCount "41"]
[EventDate "2019.12.27"]
[EventType "swiss"]
[EventRounds "7"]
[EventCountry "DEN"]

1. d4 Nf6 2. Bg5 Ne4 3. Bf4 d5 4. e3 e6 5. Bd3 Nf6 6. Nf3 c5 7. c3 Qb6 8. Qc2
c4 9. Be2 Bd6 10. O-O Qc7 11. Bxd6 Qxd6 12. Nbd2 b5 13. a4 b4 14. e4 b3 15. Qb1
Qf4 16. e5 Nh5 17. g3 Qh6 18. Qd1 g6 19. Ne1 f5 20. Nxc4 dxc4 21. Bf3 1-0

[Event "Oebro Nytaar 2019"]
[Site "Copenhagen"]
[Date "2019.12.29"]
[Round "5"]
[White "Pedersen, Martin Rosenkilde"]
[Black "Thuesen, Mogens Henrik"]
[Result "1/2-1/2"]
[WhiteElo "2133"]
[BlackElo "2204"]
[PlyCount "84"]
[EventDate "2019.12.27"]
[EventType "swiss"]
[EventRounds "7"]
[EventCountry "DEN"]

1. e4 c5 2. Nf3 e6 3. d3 Nc6 4. g3 g6 5. Bg5 Qc7 6. Nc3 Bg7 7. Bg2 d6 8. O-O
Nge7 9. Qd2 h6 10. Be3 a6 11. Nh4 g5 12. Nf3 Bd7 13. Ne1 Ne5 14. Qd1 g4 15. f4
gxf3 16. Nxf3 N7g6 17. Nxe5 Nxe5 18. Qh5 O-O-O 19. Bh3 Kb8 20. Rf2 Qb6 21. Rb1
Qa5 22. a3 Be8 23. Rff1 Nc6 24. Ne2 Qa4 25. Rfc1 f5 26. Qf3 Ne5 27. Qg2 Bc6 28.
Nc3 Qa5 29. Qe2 h5 30. b4 Qc7 31. b5 axb5 32. Nxb5 Qd7 33. d4 Bxb5 34. Rxb5
cxd4 35. Rcb1 dxe3 36. Rxb7+ Qxb7 37. Rxb7+ Kxb7 38. Qb5+ Kc7 39. Qa5+ Kb7 40.
Qb5+ Kc7 41. Qa5+ Kc6 42. Qa6+ Kc7 1/2-1/2

[Event "Oebro Nytaar 2019"]
[Site "Copenhagen"]
[Date "2019.12.29"]
[Round "5"]
[White "Brondt, Nicolai Kvist"]
[Black "Kristiansen, Jens"]
[Result "0-1"]
[WhiteElo "2244"]
[BlackElo "2408"]
[PlyCount "60"]
[EventDate "2019.12.27"]
[EventType "swiss"]
[EventRounds "7"]
[EventCountry "DEN"]

1. d4 f5 2. Nc3 Nf6 3. Bg5 d5 4. e3 e6 5. Nf3 Be7 6. Bd3 Ne4 7. Bxe7 Qxe7 8.
O-O O-O 9. Ne2 c5 10. c4 dxc4 11. Bxc4 Nd6 12. Qb3 b5 13. dxc5 Nxc4 14. Qc3 Nc6
15. a4 Ba6 16. axb5 Bxb5 17. Ned4 Nxd4 18. Nxd4 a6 19. Nxb5 axb5 20. Rxa8 Rxa8
21. b3 Na5 22. Ra1 Qd8 23. Qe5 Kf7 24. g4 Nc6 25. Qb2 Rxa1+ 26. Qxa1 Qg5 27.
Qa6 Qxg4+ 28. Kf1 Qd1+ 29. Kg2 Qd5+ 30. Kg1 Qxc5 0-1

[Event "Oebro Nytaar 2019"]
[Site "Copenhagen"]
[Date "2019.12.29"]
[Round "5"]
[White "Stojanovski, Sandi"]
[Black "Vesterli, Michael E"]
[Result "0-1"]
[WhiteElo "2193"]
[BlackElo "2217"]
[PlyCount "94"]
[EventDate "2019.12.27"]
[EventType "swiss"]
[EventRounds "7"]
[EventCountry "DEN"]

1. c4 Nf6 2. Nf3 g6 3. Nc3 Bg7 4. g3 O-O 5. Bg2 d6 6. O-O Nc6 7. d3 e5 8. Rb1
a5 9. b3 Nd7 10. Bb2 Nc5 11. Qd2 a4 12. Nxa4 Nxa4 13. bxa4 Rxa4 14. a3 b6 15.
Ne1 Bb7 16. Nc2 Na5 17. Bxb7 Nxb7 18. Nb4 Nc5 19. Nd5 Ne6 20. e3 f6 21. Qc2 Ra7
22. d4 Qe8 23. Qd3 Ng5 24. e4 f5 25. f3 fxe4 26. fxe4 exd4 27. Bxd4 Rxf1+ 28.
Rxf1 Rxa3 29. Nc3 Bxd4+ 30. Qxd4 Qe5 31. Qxe5 dxe5 32. Nd5 Nxe4 33. Nxc7 Nd2
34. Rf6 Ra1+ 35. Kg2 Nxc4 36. Nd5 b5 37. g4 Rd1 38. Nc7 Ne3+ 39. Kh3 Rd3 40.
Kh4 Ng2+ 41. Kg5 Rd7 42. Rc6 e4 43. Rc2 Ne1 44. Rc6 e3 45. Kh6 Nf3 46. Re6 Rxc7
47. g5 Rc4 0-1

[Event "Oebro Nytaar 2019"]
[Site "Copenhagen"]
[Date "2019.12.29"]
[Round "5"]
[White "Vasli, Aref"]
[Black "Matthiesen, Martin"]
[Result "1-0"]
[WhiteElo "2413"]
[BlackElo "2249"]
[PlyCount "79"]
[EventDate "2019.12.27"]
[EventType "swiss"]
[EventRounds "7"]
[EventCountry "DEN"]

1. Nf3 d5 2. g3 g6 3. Bg2 Bg7 4. O-O e5 5. d3 Ne7 6. c4 dxc4 7. Qa4+ Nbc6 8.
dxc4 e4 9. Ng5 f5 10. Rd1 Bd7 11. c5 Qc8 12. Qb3 Nd8 13. Nc3 h6 14. Nh3 g5 15.
f3 f4 16. Nxf4 gxf4 17. Bxf4 Ne6 18. Rxd7 Qxd7 19. Bh3 Qd4+ 20. e3 Nxc5 21. Qa3
Qc4 22. Bf1 Nd3 23. Nxe4 Rd8 24. Rd1 Bxb2 25. Qxa7 Qc2 26. Rd2 Qb1 27. Qa4+ Nc6
28. Qb5 Ne1 29. Nf6+ Kf8 30. Rxb2 Nxf3+ 31. Kh1 Qg6 32. Rf2 Qxf6 33. Rxf3 Kg7
34. Qxb7 Qe6 35. Qb2+ Kh7 36. Qc2+ Qg6 37. Qc4 Ne7 38. Bxc7 Rdf8 39. Rxf8 Rxf8
40. Bd3 1-0